| 000 | 00830nam a22002177a 4500 | ||
|---|---|---|---|
| 005 | 20100809143648.0 | ||
| 010 | _aENG-99150 | ||
| 020 |
_a9788132100850 _c295.00 |
||
| 035 | _aEN-82682 | ||
| 037 | _bDBAD/PUB | ||
| 082 | _a152.470835 | ||
| 100 |
_aBhave, Swati Y. _99426 |
||
| 245 |
_aAnger management / _cby Swati Y.Bhave [and] Sunil Saini |
||
| 260 |
_aNew Delhi _bSage Publications _c2009 |
||
| 270 |
_aB1/I-1 Mohan Cooperative Industrial Area Mathura Road _bNew Delhi _e110044 |
||
| 300 | x |
_axviii, 190p.: _bill. _c21cm (pbk) |
|
| 500 | _aincludes bibliographical references and index | ||
| 700 |
_aSaini, Sunil _99427 |
||
| 942 |
_2ddc _cEN _h152.470835 _mBHA |
||
| 999 |
_c40379 _d40379 |
||